000 00942nam a22002777a 4500
001 BR9402589
003 BR-BrBNA
005 20230928094022.0
007 ta
008 230509b bl.||||| |||| 00| 0 por d
040 _aBR-BrBNA
_bpor
_cBiblioteca Nacional de Agricultura
041 _a(Por)
072 _aF63
_b3321
090 _ 3321 BR9402589
100 1 _aCuzzuol, G.R.F.
110 1 _aEscola Superior de Agricultura Luiz de Queiroz, Piracicaba, SP (Brasil)
_0Tese (Mestre em Ciencias)
245 1 _aParametros bioquimicos e fisiologicos da vitrificacao e do desenvolvimento do cravo (Dianthus caryophyllus L.)in vitro
260 3 _aPiracicaba, SP (Brasil):
_c1993.
300 _a89 p.
500 _a24 graphs; 13 tables; Summaries (Eng, Por); Bibliography p. 71-89 (126 ref.)
650 _aCravo
650 _aMicropropagacao
650 _aRegulador de Crescimento
909 _a202309
_bLucia
_c55
_dLucia Elande
942 _cBK
999 _c48450
_d48450